Poorly Described Books - Statistics

General Stats
  • This quiz has been taken 119 times
  • The average score is 10 of 15
Answer Stats
Clue Book % Correct
Guy wants revenge on a big whale, boat stuff happens, philosophical ramblings.Spoiler: Whale wins, guy learns life lessons. Moby Dick
93%
About a desert, spice, prophetic kid, big worms, politics, battles.Kid becomes important. It's like Star Wars, but sandy. Dune
91%
There's this girl who shoots arrows in a fight to the death on TV.It's like reality TV, but deadly. The Hunger Games
89%
Undead guy wants to suck blood, travelers try to stop him. It's like a spooky versionof Airbnb gone wrong. Dracula
76%
Guy hates government and writes secretly. Falls for girl. Government finds out. Torture. Betrayal. Sad ending. Big Brother is watching. 1984
73%
Small town drama. Lawyer defends innocent black man accused of crime.Kids learn about racism. Boo Radley's involved somehow. To Kill a Mockingbird
71%
Kids stranded on an island turn savage. A pig dies. The children are saved. It's like a camping trip from a nightmare. Lord of the Flies
68%
A rich guy throws parties, loves a girl, but she's married. Tragic stuff happens. People are dramatic. Richness doesn't solve everything. The Great Gatsby
61%
Poor orphan asks for food, joins gang, discovers family, faces villains,finds happiness. Classic Dickensian drama. Oliver Twist
59%
Sad guy steals bread and runs from cop for years. He meets more sad people, there's a revolution and some redemption. It's French and long. Les Misérables
57%
It's about two guys, one dumb, one smart. They want to live on a farm, but it doesn't end well. Of Mice and Men
56%
Sad teens with cancer fall in love, struggle, and philosophize. Bring tissues. It's a tear-jerker rollercoaster. The Fault in Our Stars
56%
Ok, so it's about some folks in the 1930s who lose their farm because of dust, then they travel to California. The Grapes of Wrath
43%
It's about this creepy guy obsessed with a young girl. They go on a weird road trip. It's uncomfortable. Lolita
37%
It's about a teenage guy wandering around NYC, hating phonies, missing his sister, and figuring out life. Rebelling, angst, yeah. The Catcher in the Rye
29%
No matching quizzes found
Score Distribution
Percent of People with Each Score
Percentile by Number Answered
Your Score History
You have not taken this quiz